| 000 | 00697nam a2200229 a 4500 | ||
|---|---|---|---|
| 999 |
_c824 _d824 |
||
| 001 | 824 | ||
| 003 | BD-JhCC | ||
| 005 | 20220817134023.0 | ||
| 008 | 171010s2006 b |||| |||| 000 0 ben d | ||
| 020 | _a9848681973 | ||
| 035 | _a(BD-JhCC)824 | ||
| 040 |
_aBD-JhCC _dBD-JhCC |
||
| 041 | _aben | ||
| 082 |
_a891.443 _bAHA 2006 |
||
| 100 | _aআহমেদ, হুমায়ূন | ||
| 245 |
_aআসমানীরা তিন বোন / _c হুমায়ূন আহমেদ |
||
| 260 |
_aঢাকা; _bঅন্য প্রকাশ, _c২০০৬। |
||
| 300 |
_a৯৫ পৃৃঃ _c২১ সেমি, |
||
| 650 | _aBengali Novel | ||
| 942 |
_2ddc _cBK _012 |
||